<?xml version="1.0" encoding="UTF-8"?><?xml-stylesheet type="text/xsl" href="static/style.xsl"?><OAI-PMH xmlns="http://www.openarchives.org/OAI/2.0/" xmlns:xsi="http://www.w3.org/2001/XMLSchema-instance" xsi:schemaLocation="http://www.openarchives.org/OAI/2.0/ http://www.openarchives.org/OAI/2.0/OAI-PMH.xsd"><responseDate>2026-04-17T08:02:10Z</responseDate><request verb="GetRecord" identifier="oai:riubu.ubu.es:10259/5274" metadataPrefix="marc">https://riubu.ubu.es/oai/request</request><GetRecord><record><header><identifier>oai:riubu.ubu.es:10259/5274</identifier><datestamp>2024-07-15T10:25:36Z</datestamp><setSpec>com_10259_5498</setSpec><setSpec>com_10259_5086</setSpec><setSpec>com_10259_2604</setSpec><setSpec>col_10259_9381</setSpec><setSpec>col_10259_5505</setSpec></header><metadata><record xmlns="http://www.loc.gov/MARC21/slim" xmlns:doc="http://www.lyncode.com/xoai" xmlns:xsi="http://www.w3.org/2001/XMLSchema-instance" xmlns:dcterms="http://purl.org/dc/terms/" xsi:schemaLocation="http://www.loc.gov/MARC21/slim http://www.loc.gov/standards/marcxml/schema/MARC21slim.xsd">
<leader>00925njm 22002777a 4500</leader>
<datafield tag="042" ind1=" " ind2=" ">
<subfield code="a">dc</subfield>
</datafield>
<datafield tag="720" ind1=" " ind2=" ">
<subfield code="a">Mariscal Saldaña, Miguel Ángel</subfield>
<subfield code="e">author</subfield>
</datafield>
<datafield tag="720" ind1=" " ind2=" ">
<subfield code="a">López Perea, Eva María</subfield>
<subfield code="e">author</subfield>
</datafield>
<datafield tag="720" ind1=" " ind2=" ">
<subfield code="a">García Herrero, Susana</subfield>
<subfield code="e">author</subfield>
</datafield>
<datafield tag="720" ind1=" " ind2=" ">
<subfield code="a">López García, José Ramón</subfield>
<subfield code="e">author</subfield>
</datafield>
<datafield tag="720" ind1=" " ind2=" ">
<subfield code="a">Herrera, Sixto</subfield>
<subfield code="e">author</subfield>
</datafield>
<datafield tag="260" ind1=" " ind2=" ">
<subfield code="c">2018-11</subfield>
</datafield>
<datafield tag="520" ind1=" " ind2=" ">
<subfield code="a">Obtaining data on worker accident rates is necessary in order to analyze the causes and variables involved in the occurrence of said accidents. The majority of these data, collected after the accident occurs, do not consider the employee׳s working conditions. Here are presented the data on workplace accidents and the conditions of the workers by analyzing the generic data supplied as part of the 7th National Survey of Workplace Conditions (EWCS) in Spain, conducted in 2011. These data will yield the variables needed to determine if the information on workplace risks provided by the survey respondents has an appreciable effect on the occurrence of occupational accidents in the working population, and will also be used to explore other variables.</subfield>
</datafield>
<datafield tag="024" ind2=" " ind1="8">
<subfield code="a">2352-3409</subfield>
</datafield>
<datafield tag="024" ind2=" " ind1="8">
<subfield code="a">http://hdl.handle.net/10259/5274</subfield>
</datafield>
<datafield tag="024" ind2=" " ind1="8">
<subfield code="a">10.1016/j.dib.2018.10.175</subfield>
</datafield>
<datafield tag="245" ind1="0" ind2="0">
<subfield code="a">Data on the working population in Spain related to training, workplace conditions and accident rates</subfield>
</datafield>
</record></metadata></record></GetRecord></OAI-PMH>